000 01615cam a22004814i 4500
003 PE-LiUPU
005 20251020174050.0
008 150623s r 000 0 d
020 _a0310214009
035 _a(Sirsi) i9780310214007
040 _aPE-LiUPU
_bspa
_cPE-LiUPU
_erda
082 0 4 _a221.6
_bN532
_223
245 0 0 _aNew International Dictionary of Old Testament Theology and Exegesis /
_ceditado por Willem A. VanGemeren.
264 1 _aMichigan :
_bZondervan Publishing House,
_c1997.
300 _a5 volúmenes ;
_c24 cm.
336 _atext
_2rdacontent
337 _aunmediated
_2rdamedia
338 _avolume
_2rdacarrier
504 _aIncluye referencias bibliográficas e índices.
520 _aObra de referencia que presenta un análisis exhaustivo de los términos, raíces y conceptos teológicos del hebreo bíblico, con estudios filológicos, contextuales y teológicos del Antiguo Testamento.
526 _aSEG44
526 _aSEG26
526 _aP151
526 _aP150
526 _aP149
526 _aP146
526 _aP145
526 _aP126
526 _aP125
526 _aP92
526 _aP75
526 _aP74
526 _aP27
526 _aP15
630 1 4 _aBiblia.
_pAntiguo Testamento
_xTeología
_vDiccionarios.
630 2 4 _aBiblia.
_pAntiguo Testamento
_xExégesis
_vDiccionarios.
_95050
650 2 4 _aHebreo bíblico
_vLéxicos.
_96812
700 1 _aVanGemeren, Willem A.,
_eeditor.
942 _2ddc
_cBK
980 _818226
_gJaime Vilcazán Jefe de Análisis Documental
999 _c21515
_d21515